| 000 | 00856cam a2200277 4500 | ||
|---|---|---|---|
| 001 | 24110 | ||
| 003 | BD-RjUL | ||
| 005 | 20211209001018.0 | ||
| 008 | 140312n abca 000 1 eng | ||
| 035 | _a(BD-RjUL)24176 | ||
| 040 |
_aDLC _cDLC _dDLC _dBD-RjUL _beng |
||
| 041 | _aeng | ||
| 082 | 0 | 0 |
_a813.54 _bWOM [1968] |
| 100 | 1 |
_aWood, Kerry. _957094 |
|
| 245 | 1 | 4 |
_aThe medicine man : _ban historical day in the life of a Cree camp / _cIllustrated by Audrey Teather. |
| 260 |
_aRed Deer, Alta. : _bAuthor, Box 122, _c[1968?]. |
||
| 300 |
_av, 91 p. : _billus. ; _c23 cm. |
||
| 350 | _a3.00 | ||
| 650 | 0 |
_aShamans _xFiction. _974271 |
|
| 650 | 0 |
_aCree Indians _xFiction. _974272 |
|
| 651 | 0 |
_aCanada _xFiction. _974273 |
|
| 655 | 7 |
_aHistorical fiction. _2gsafd _974280 |
|
| 942 |
_2ddc _cBK |
||
| 999 |
_c24110 _d24110 |
||